000 00801nam a2200241Ia 4500
003 GCL
008 140319s9999 xx 000 0 ara d
040 _aGCL /
_cGCL
082 0 4 _aق
_b923.2
_bع ز
100 1 _aعبدالرحمن الرافعى
245 1 0 _aالزعيم احمد عرابى /
_cعبدالرحمن الرافعى
260 _a[S.N] :
_bدار الهلال للطباعة والنشر
300 _a156 ص
490 _a
650 0 4 _aالعصر الحديث
650 0 4 _aمصر
650 0 4 _aتاريخ
650 0 4 _aالاحوال السياسية
650 0 4 _aالخديوى توفيق (1879 - 1892)
650 0 4 _aالاحتلال البريطانى
650 0 4 _aمصر - تاريخ - العصر الحديث - الثورة العرابية
942 _2ddc
_cBK
999 _c59013
_d59013